Management of alcohol- and drug-related issues in the workplace

Bibliographic Details
Format: eBook
Language:English
Published: Geneva : International Labour Organization, represented by the International Labour Office (ILO), 1996
Subjects:
Online Access:http://www.vlex.com/source/11304

MARC

LEADER 00000nam a22000007a 4500
005 20130612191414.0
007 cr|||| ||||
008 130612e1996 sz |||||s|||| 00||0 eng d
020 |a 92-2-109455-3 
035 |a 11304 
040 |a vLex 
090 |c 4333  |d 4333 
245 0 0 |a Management of alcohol- and drug-related issues in the workplace  |h [Recurso electrn̤ico]  
256 |a Servicio en ln̕ea 
260 |a Geneva :  |b International Labour Organization, represented by the International Labour Office (ILO),  |c 1996 
300 |a 1 Recurso electrn̤ico 
506 |a Contenido solo disponible en los productos indicados  |d vLex Global   |d vLex Global (Academic Edition, excluding Law Schools)  |d vLex Global (U.S. Academic Edition, Law Schools)  |d vLex Global (U.S. Academic Edition, excluding Law Schools)  |d vLex Global (Academic Edition, Law Schools) 
650 4 |a Derecho laboral y Seguridad Social 
650 4 |a Seguridad y Salud Laboral 
650 4 |a Alcoholismo 
650 4 |a Drogas 
740 |a vLex Libros (Servicio en ln̕ea) 
856 |a Acceso restringido  |u http://www.vlex.com/source/11304 
942 |c BOOK 
999 0 |a Labor laws and legislation